Statistics for Months in Swedish

Click here to take the quiz!

General Stats

  • This quiz has been taken 60 times
  • The average score is 12 of 12

Answer Stats

HintAnswer% Correct
34April
100%
312December
100%
31Januari
100%
37Juli
100%
36Juni
100%
33Mars
100%
311November
100%
310Oktober
98%
39September
98%
38Augusti
95%
32Februari
95%
35Maj
95%

Score Distribution

Percentile by Number Answered

Percent of People with Each Score

Your Score History

You have not taken this quiz